Países mais rigorosos do mundo - Statistics

Estatísticas Gerais
  • Esse quiz foi jogado 89 vezes
  • A pontuação média é 6 de 10
Estatísticas das Respostas
Posição Motivo País % Correto
10 Apenas um tanto de pessoas, pertencendo à elite dominante, tem acesso à Internet, mas isto é também limitado e fortemente monitorado e não tem acesso com o mundo exterior. Coreia do Norte
100%
3 controla o acesso de seus cidadãos à informação, seja na mídia impressa, TV, ou Internet. China
95%
5 As mulheres não são autorizadas a dirigir, homens não são autorizados a se reunir e o consumo do álcool é proibido. Arábia Saudita
85%
9 Os cidadãos não podem falar contra o governo, não podem protestar nas ruas, ou mesmo participar de sites de mídia social como Facebook, Youtube e até Gmail. Irã
84%
4 Todas as notícias são rigorosamente controladas pelo Partido Comunista, é possível navegar pela Internet, mas é caro e principalmente exclusivo para hotéis, e muito do conteúdo online é bloqueado. Cuba
77%
2 Há níveis de autoridade, presente em todos os aspectos da vida ; da família e amigos para escola e trabalho, e isto é rigidamente respeitado. Japão
64%
8 o governo desativou os telefones, cobertura de telefonia celular, acesso limitado na Internet, e foram mais longe, conseguiram invadir sites de mídia social de indivíduos “anti-regime”. Síria
63%
1 Não é possível mascar chiclete em público, ou é enfrentada uma multa de US$ 1000. A pessoa deve dar descarga no banheiro ou enfrentar uma multa de US$ 150 para a primeira ofensa. Não é possível fumar em público também, terá que seguir um código de vestimenta em público e terá que acenar para um táxi em uma maneira não escandalosa. Singapura
53%
7 Todos os prestadores de serviço de Internet devem se registrar com uma empresa controlada pelo governo. Eritreia
12%
6 Os cidadãos do país não são permitidos ler literatura de fora do país, até desencorajados da leitura em geral. Guiné Equatorial
4%
Nenhum quiz correspondente encontrado
Distribuição das Pontuações
Porcentagem de Pessoas com Cada Pontuação
Percentil de Números Respondidos
Sua Pontuação Histórica
Você não jogou esse quiz